01213nam a2200277 a 4500001000400000003000800004005001700012008004100029035001700070035001900087040004900106041000800155082002700163110006000190245012500250260007200375300002400447410008000471500007500551500004100626650004200667700005400709942001200763999001300775952014700788576BD-RjUL20211208233212.0131118s1961 ilu 000 0 eng  a(BD-RjUL)594 a(OCoLC)5809411 aDLCcCoU-DAdOCoLCdODaWUdDLCdBD-RjULbeng aeng 216a027.073 bPER 19612 aUniversity of Chicago.bGraduate Library School911601710aPersistent issues in American librarianship,cedited by Lester Asheim ; contributors: Bernard R. Berelson ... [et al.]. a[Chicago] :bUniversity of Chicago, Graduate Library Schoolc[1961] av, 114 p. ;c25 cm.20aUniversity of ChicagotThe University of Chicago studies in library science a"Papers...published originally in the Library quarterly, January 1961. aIncludes bibliographical references. 0aLibrary sciencezUnited States.917671 aAsheim, Lester Eugene, 1914- ,eeditor.91768 2ddccBK c576d576 00102ddc40708NFICaRUCLbRUCLcReadingd1970-12-30eSweets and Zeitg35.00l0o027.073 PER 1961r2013-11-18 00:00:00tC-1w2021-12-08yBK